| 000 | 00470nam a2200157 a 4500 | ||
|---|---|---|---|
| 001 | 000047347 | ||
| 005 | 20201002060508.0 | ||
| 008 | 110407s1977 dr ac r 000 0 spa d | ||
| 040 |
_aDO-SdBNP _bspa _cBNPHU |
||
| 082 |
_axxxx _bL697a, 1977 |
||
| 245 | 0 | 0 | _aLibro del año 1977 . |
| 260 |
_aSanto Domingo : _b[Babeque], _c[1977]. |
||
| 300 |
_a41 P. : _bil., retrs. , gráfs. ; _c28 cm. |
||
| 590 | _aInventariado, 2019/VM | ||
| 710 | 2 |
_aBabeque (Republica Dominicana) _955170 |
|
| 999 |
_c46835 _d46835 |
||